NATO Üyeleri - Armageddon - Statistics

General Stats
  • This quiz has been taken 136 times
  • The average score is 9 of 32
Answers on the Grid
Answers color-coded by a green-red scale on the quiz's grid according to % correct below.
ABD
Afganistan
Almanya
Arnavutluk
Avustralya
Azerbaycan
Bangladeş
Belçika
Birleşik Krallık
Brezilya
Bulgaristan
Cezayir
Çekya
Çin
Danimarka
Endonezya
Eritre
Ermenistan
Estonya
Finlandiya
Fransa
Hindistan
Hırvatistan
Hollanda
İrlanda
İspanya
İsrail
İsveç
İsviçre
İtalya
İzlanda
Irak
Japonya
Kanada
Karadağ
Kuzey Makedonya
Letonya
Libya
Litvanya
Lüksemburg
Macaristan
Meksika
Mısır
Moğolistan
Monako
Norveç
Pakistan
Peru
Polonya
Portekiz
Romanya
Senegal
Slovakya
Slovenya
Sudan
Suudi Arabistan
Şili
Türkiye
Ukrayna
Ürdün
Yemen
Yeni Zelanda
Yunanistan
 
Answer Stats
Answer % Correct
ABD
95%
Almanya
81%
Fransa
53%
Belçika
50%
Birleşik Krallık
47%
Danimarka
44%
Çekya
39%
Arnavutluk
38%
Bulgaristan
38%
Hollanda
36%
Estonya
31%
Finlandiya
31%
Hırvatistan
30%
İspanya
28%
Türkiye
23%
İtalya
22%
İsveç
20%
Portekiz
19%
Norveç
17%
Polonya
16%
Kanada
14%
Yunanistan
13%
Letonya
11%
Macaristan
11%
Litvanya
9%
Lüksemburg
9%
Romanya
9%
Karadağ
8%
Slovakya
8%
Slovenya
8%
İzlanda
6%
Kuzey Makedonya
6%
No matching quizzes found
Score Distribution
Percent of People with Each Score
Percentile by Number Answered
Your Score History
You have not taken this quiz